000 00360 a2200169 4500
001 73851
020 _a8506009472
040 _cAnchieta - Colégio São Paulo
100 _aCrosher, Judith
240 1 0 _aOs gregos
_lpor
245 1 0 _aOs gregos
300 _a60
362 0 _a2009
440 1 _aMelhoramentos
650 4 _aHistória do mundo
942 _cBK
999 _c73851
_d73851